00958nam a2200241 i 4500003000900000005001700009008004100026040004300067041000800110082002000118100003500138245009500173264004000268300002200308336002200330337002400352338003300376500017000409504004300579546002000622650001700642856005700659EG-GICUC20260428125445.0260428s1969 -us |fr|||| 000 0 eng d aEG-GiCUCbengcEG-GiCUCdEG-GiCUCerda 0aeng04221a343bMO . C1 a M. Cherif Bassiouni eAuthor.14aCases And Materials On Criminal Law /cBy M. Cherif Bassiouni Associate Professor Of Law. 1achicago :bDepaul University,c1969 a407 pages,c28 cm 2rda contentatext 2rda mediaaComputer 2rda carrieraOnline Resource aPrepared By The Author For The Exclusive Use Of The Students Of The College Of Law. No Permission To Reprint--limited Distribution. -- Depaul University 1969-1970--  aIncludes bibliographical references  aText in English14aCriminal law40uhttps://fll.law.cu.edu.eg/fulltext/bks/B10-11909.pdf